000 00934cam a2200217 4500
001 WB3745-28
008 011129n2001 000 0 eng u
035 _a(Sirsi) u115798
245 _aFaculties publish new guidelines
260 _c2001
490 _aRICS News Service
_v26 November 2001, (1)
520 _aNew guidelines for the alternative chartered designations that faculty members may chose to adopt have been published. The number of designations available vary from faculty to faculty, with some adopting a number of alternatives and others choosing to keep the traditional designation 'chartered surveyor'. Guidelines for all faculties available at: http://www.rics.org/chartered_designations.html
590 _aWB
650 _aALTERNATIVE CHARTERED DESIGNATIONS
650 _aABOUT RICS-RICS MEMBERS
650 _aGUIDELINES
650 _aRICS
650 _aFACULTIES
690 _aRICS NEWS
942 _n0
999 _c68975
_d68975